Bundesliga Trainer Saison 24/25 - Statistiken

Allgemein
  • Dieses Quiz wurde 237 mal gespielt
  • Das Durchschnittsergebnis liegt bei 12 aus 18
Antwortstatistiken
Verein Trainer % Korrekt
Bayer 04 Leverkusen Xabi Alonso
99%
FC Bayern München Vincent Kompany
95%
RB Leipzig Marco Rose
92%
Borussia Dortmund Nuri Sahin
92%
VfB Suttgart Sebastian Hoeneß
92%
1. FC Heidenheim Frank Schmidt
84%
Eintracht Frankfurt Dino Toppmöller
82%
SV Werder Bremen Ole Werner
76%
Borussia Mönchengladbach Gerardo Seoane
73%
SC Freiburg Julian Schuster
68%
1. FC Union Berlin Bo Svensson
66%
VfL Wolfsburg Ralph Hasenhüttl
58%
1. FSV Mainz 05 Bo Henriksen
54%
TSG 1899 Hoffenheim Pellegrino Matarazzo
52%
FC Augsburg Jess Thorup
44%
SV Holstein Kiel Marcel Rapp
40%
FC St. Pauli Alexander Blessin
34%
VfL Bochum Peter Zeidler
24%
Keine übereinstimmenden Quizze gefunden
Verteilung der Resultate
Anzahl Personen mit jedem Resultat
Perzentil nach korrekt beantworteten Fragen
Ihre Resultats-Entwicklung
Sie haben dieses Quiz noch nicht gespielt